| 000 | 00000nam##2200000za#4500 |
| 001 | 9.632909 |
| 003 | CaOODSP |
| 005 | 20210624215048 |
| 007 | cr ||||||||||| |
| 008 | 150407|2000||||xxc|||||o f|0| 0 fre|d |
| 040 | |aCaOODSP|bfre |
| 043 | |an-cn--- |
| 086 | 1 |aSW21-89/2001F-PDF |
| 110 | 1 |aCanada. |bCondition féminine Canada. |
| 245 | 10|aCommerce international : intégration des considérations liées à l'égalité entre les sexes dans le processus d'élaboration des politiques : |h[ressource électronique]|binitiatives et leçons / |c[par] Soraya Hassanali. |
| 260 | |aOttawa - Ontario : |bCondition féminine Canada |c2000. |
| 300 | |a40p.|bréférences |
| 500 | |aLe n° de catalogue et l'ISBN de l'édition imprimée ont été incorrectement copiés dans cette édition électronique. |
| 590 | |a06-10-Supp|b2006-12-15 |
| 691 | 07|aCommerce extérieur|2gcpds |
| 691 | 07|aCondition de la femme|2gcpds |
| 691 | 07|aLibre-échange|2gcpds |
| 691 | 07|aPolitique commerciale|2gcpds |
| 720 | 1 |aHassanali, Soraya |
| 775 | 08|tInternational trade : putting gender into the process : |w(CaOODSP)9.688484 |
| 776 | 0#|tInternational trade: putting gender into the process : |w(CaOODSP)9.663347 |
| 776 | 0#|tCommerce international: intégration des considérations liées à l'égalité entre les sexes dans le processus d'élaboration des politiques : |w(CaOODSP)9.663348 |
| 856 | 40|ahttp://publications.gc.ca|qPDF|s240 Ko|uhttps://publications.gc.ca/collections/Collection/SW21-89-2001F.pdf |